| 000 | 00855nam a2200277Ia 4500 | ||
|---|---|---|---|
| 003 | OSt | ||
| 005 | 20220925213104.0 | ||
| 006 | a|||||r|||| 00| 0 | ||
| 007 | ta | ||
| 008 | 220923b |||||||| |||| 00| 0 eng d | ||
| 020 | _cRs 1692.15 | ||
| 037 |
_b77392, 11/03/2005, IBD _cGeneral Book |
||
| 040 |
_aRTL _cRTL _beng |
||
| 041 |
_2eng _aeng |
||
| 082 | _aY15, P5 | ||
| 100 |
_aCudd Ann E _931133 |
||
| 245 | 0 |
_aFeminist theory _b A Philosophical anthology |
|
| 260 |
_aLondon _bBlackwell Publishers _c2005 |
||
| 300 |
_ax, 432 _ccm. |
||
| 490 | _aBlackwell Philosophy Anthologies;23 | ||
| 500 | _aBibliography chapterwise | ||
| 650 | _aWoman Sociology | ||
| 700 |
_a Andreasen Robin O Ed. _9146585 |
||
| 942 |
_hY15, P5 _cGB _2CC |
||
| 999 |
_c561964 _d561964 |
||